000 01178nam a22003497a 4500
003 CHAP
005 20220329135544.0
008 971013s1985 r 00010 d
010 _a38447
011 _a39419
035 _a43539
040 _cCHAP
090 _aTesis
100 0 0 _aFarfán Zegarra, José M.
_939748
245 _aInferencias basadas en rangos para el modelo lineal
260 _aChapingo, Méx. :
_bEl autor,
_c1985
300 _a93 h.
_b: grafs.
502 _aTesis (M. C. Esp. en Estadística Experimental) -- Colegio de Postgraduados. Centro de Estadística y Cálculo
590 _aALEPH
_b10
_c20130110
_lUCH01
_h1304
590 _aBATCH-UPD
_b10
_c20130110
_lUCH01
_h1739
590 _aBATCH-UPD
_b10
_c20130410
_lUCH01
_h1118
590 _aBATCH-UPD
_b10
_c20130914
_lUCH01
_h0345
590 _aCONVERSION
_b10
_c20130109
_lUCH01
_h1321
650 1 4 _aAnálisis de regresión.
_95974
650 1 4 _aMínimos cuadrados.
_977295
650 1 4 _aProgramación lineal.
_992371
901 _aBK
942 _cFOLL
949 _bBC
_cTES
_d-99751
_eTS1
_i43539
_si
949 _bBC
_cTES
_d-99752
_eTS2
_fc.2
_i43539
_si
949 _bBC
_cTES
_d-99753
_eTS2
_fc.3
_i43539
_si
999 _c38447
_d38447